000 00406nam a2200169 i 4500
001 bg
100 1 _aKERSTEN, R.
245 0 _aDas Reduktionsverfahren der Baustatik /
_cR. Kersten.
260 _aBerlin :
_bSpringer-Verlag,
_c1982.
020 _a3540107126
040 _cBPK
041 _apol
080 _a624
920 _a3-540-10712-6
942 _cKS
008 s pl f |000 0 pol
999 _c28059
_d28059
856 _uhttp://koha.tu.koszalin.pl/cgi-bin/koha/opac-detail.pl?biblionumber=28059
_yKatalog online BPK